Total Drama Action Elimination Order - Statistics

General Stats
  • This quiz has been taken 240 times
  • The average score is 10 of 17
Answer Stats
Hint Answer % Correct
17th Bridgette
97%
16th Geoff
96%
1st/Runner-Up in U.S Duncan
58%
2nd/Winner in U.S. Beth
57%
4th Courtney
57%
13th Gwen
57%
14th Trent
57%
5th Harold
56%
12th DJ
54%
7th Justin
54%
8th Leshawna
54%
6th Lindsay
54%
3rd Owen
54%
9th Heather
53%
11th Izzy
53%
10th Owen
45%
15th Kaleidoscope
26%
No matching quizzes found
Score Distribution
Percent of People with Each Score
Percentile by Number Answered
Your Score History
You have not taken this quiz